Kiswahili kwa Shule za Sekondari. Kidato cha 1 (Record no. 820)

000 -LEADER
fixed length control field 00471nam a22001337a 4500
008 - FIXED-LENGTH DATA ELEMENTS--GENERAL INFORMATION
fixed length control field 150519b xxu||||| |||| 00| 0 eng d
050 ## - LIBRARY OF CONGRESS CALL NUMBER
Classification number PL 8704 .Z36 1977
100 ## - MAIN ENTRY--PERSONAL NAME
Personal name Zani, Zachariah, M.
Dates associated with a name 1977
245 ## - TITLE STATEMENT
Title Kiswahili kwa Shule za Sekondari. Kidato cha 1
Statement of responsibility, etc. Zachariah M. Zani
260 ## - PUBLICATION, DISTRIBUTION, ETC. (IMPRINT)
Place of publication, distribution, etc. Kenya
Name of publisher, distributor, etc. Heinemann
Date of publication, distribution, etc. 1977
300 ## - PHYSICAL DESCRIPTION
Extent 169p.
440 ## - SERIES STATEMENT/ADDED ENTRY--TITLE
Title Kiswahili kwa Shule za Sekondari. Kidato cha 1
942 ## - ADDED ENTRY ELEMENTS (KOHA)
Source of classification or shelving scheme
Koha item type Hard Covered Materials
Classification part PL 8704 .Z36 1977
Call number prefix PL
Call number suffix 8704 .Z36 1977
Koha issues (borrowed), all copies 3
Holdings
Withdrawn status Lost status Source of classification or shelving scheme Damaged status Not for loan Home library Current library Date acquired Total Checkouts Full call number Barcode Date last seen Date last checked out Price effective from Koha item type
          MACHAKOS UNIVERSITY LIBRARY MACHAKOS UNIVERSITY LIBRARY 19/05/2015 1 PL 8704 .Z36 1977 2792 31/05/2019 25/07/2016 19/05/2015 Hard Covered Materials
          MACHAKOS UNIVERSITY LIBRARY MACHAKOS UNIVERSITY LIBRARY 19/05/2015 3 PL 8702 .Z36 1977 4076 14/10/2024 14/09/2023 19/05/2015 Hard Covered Materials
          MACHAKOS UNIVERSITY LIBRARY MACHAKOS UNIVERSITY LIBRARY 19/05/2015 1 PL 8702 .Z36 1977 2940 31/05/2019 03/11/2018 19/05/2015 Hard Covered Materials
© Machakos University Library, Along The Highway, Machakos Wote Rd, Machakos, Kenya P.O. Box 136 - 90100 Machakos - Kenya

Tel: ( +254 ) 723 805829 OR Fax : 044-20353 OR Email: library@mksu.ac.ke